| 000 | 00612nam a2200241Ia 4500 | ||
|---|---|---|---|
| 005 | 20250425162138.0 | ||
| 008 | 250425s9999 xx 000 0 und d | ||
| 041 | _aspa | ||
| 043 | _aec | ||
| 082 | _a614 | ||
| 100 | _aMINISTERIO, DE SALUD PUBLICA | ||
| 245 | 0 | _aMARCO GENERAL DE LA REFORMA ESTRUCTURAL DE LA SALUD EN EL ECUADOR | |
| 250 | _aS.E. | ||
| 260 |
_aEcuador _bOPS _c2002 |
||
| 260 | _aQUITO | ||
| 300 | _a66 | ||
| 650 | _aREFORMA DE SALUD | ||
| 650 | _aSALUD PUBLICA-ECUADOR | ||
| 650 | _aSISTEMAS DE SALUD | ||
| 710 | _aMINISTERIO DE SALUD PUBLICA | ||
| 942 | _c01 | ||
| 010 | _a52855 | ||
| 999 |
_c223246 _d223246 |
||